000 00273nam a22001217a 4500
082 _a823
_bSAS/M
100 _aSASI,MADAVOOR,- Tr.
245 _aMAHABHARATHAM KUTTIKALKKU
260 _aTHRISSUR
_bH&C PUBLISHING HOUSE
300 _a48
650 _aSTORY
_zKERALA
942 _cBK
999 _c1763
_d1763